000 00563cam a22002053a 4500
001 39051
003 PGUSA
005 20140828083849.0
008 120304s2012||||xxu|||||s|||||000 | eng d
040 _aPGUSA
_beng
042 _adc
100 1 _aChapman, Allen
245 1 0 _aRalph in the Switch Tower
_h[electronic resource] /
_cAllen Chapman
260 _bProject Gutenberg,
_c2012
506 _aPublic domain in the USA.
516 _aElectronic text
830 0 _aProject Gutenberg
_v39051
856 4 0 _uhttp://www.gutenberg.org/ebooks/39051
942 _cEB
999 _c268304
_d268304